[Event "Marseille op 5th"]
[Site "Marseille"]
[Date "2012.12.27"]
[Round "3"]
[White "Malassagne, Raphael"]
[Black "Friburger, Quentin"]
[Result "1-0"]
[WhiteElo "2104"]
[BlackElo "1781"]
[PlyCount "35"]
[EventDate "2012.12.26"]
[EventType "swiss"]
[EventRounds "9"]
[EventCountry "FRA"]
[SourceTitle "EXT 2014"]
[Source "ChessBase"]
[SourceDate "2013.11.20"]
[SourceVersion "1"]
[SourceVersionDate "2013.11.20"]
[SourceQuality "1"]

1. d4 d5 2. Bf4 c6 3. e3 Nf6 4. c4 Bf5 5. Nc3 e6 6. Qb3 Qc8 7. Rc1 Nbd7 8. h3 Ne4 9. Nge2 Ndf6 10. g4 Nxc3 11. Nxc3 Bg6 12. Bg2 Be7 13. cxd5 cxd5 14. 0-0 Qd7 15. Nb5 0-0 16. Rc7 Qd8 17. Rxb7 Nd7 18. Nxa7 1-0